000 03012nam a2200349 4500
001 52780
003 ES-MaCES
005 20250203133355.0
008 230526s2022 us |||||||||||||||||eng|d
020 _a9780691238746
040 _aES-MaCES
_bspa
_cES-MaCES
100 1 _940710
_aRosenberg, Andrew S.
245 1 0 _aUndesirable immigrants
_b: why racism persists in international migration
_cAndrew S. Rosenberg
260 _aPrincenton
_a; Oxford
_bPrincenton University Press
_c[2022]
300 _aXXII, 359 p.
_c24 cm
490 1 _aPrinceton studies in international history and politics
500 _aÍndices
504 _aBibliografía: p. 309-344
520 3 _aCómo el legado racista del colonialismo da forma a la migración mundial La Ley de Inmigración y Nacionalidad de 1965 puso fin oficialmente al prejuicio explícito en la política de inmigración estadounidense que comenzó con la restricción de 1790 sobre la naturalización para liberar a las personas blancas de "buen carácter". Para la década de 1980, el resto del mundo angloeuropeo había seguido su ejemplo, eliminando el lenguaje discriminatorio de sus leyes de inmigración y logrando lo que muchos creen que es un sistema internacional daltónico. Inmigrantes indeseables desafía esta noción, revelando cómo la desigualdad racial persiste en la migración global a pesar del fin de las leyes formalmente racistas. En este libro revelador, Andrew Rosenberg argumenta que, si bien los líderes de hoy afirman que sus políticas son objetivas y solo buscan restringir a los inmigrantes obviamente peligrosos, estas políticas aún están correlacionadas con la raza. Rastrea cómo el colonialismo y la supremacía blanca catalizaron la violencia y sabotearon las instituciones en todo el mundo, y cómo este legado histórico ha producido inmigrantes que las antiguas potencias imperiales y sus aliados ahora consideran no aptos para ingresar. Rosenberg muestra cómo los estados poscoloniales permanecen incrustados en una cultura occidental que les exige desempeñar continuamente su condición de estado, y cómo el cierre y vigilancia de las fronteras internacionales se ha convertido en un símbolo importante de soberanía, que impone restricciones más severas a los inmigrantes no blancos. Basándose en una gran cantidad de evidencia cuantitativa original, Inmigrantes indeseables demuestra que no podemos abordar los desafíos de la migración internacional sin aceptar la brutal historia del colonialismo
541 _cCompra
650 4 _927119
_acolonialismo
650 4 _930732
_aevaluación del impacto
650 4 _929805
_amigración internacional
650 4 _929183
_apolítica migratoria
650 4 _927190
_adiscriminación racial
650 4 _927251
_ahistoria
653 1 0 _aCiencias Sociales-Políticas
710 2 _94853
_aPrinceton University
_eed.
830 0 _940818
_aPrinceton studies in international history and politics
902 _aLIB Libro
942 _2CES
_cBK
_h7.0.
999 _c52780
_d52780